Θεσμικό πλαίσιο περιφερειακής ανάπτυξης

Αποθηκεύτηκε σε:
Λεπτομέρειες βιβλιογραφικής εγγραφής
Κύριος συγγραφέας: Δεληθέου, Βασιλική Δ.
Μορφή: Βιβλίο
Γλώσσα:Greek
Δημοσίευση: Αθήνα : Παπαζήσης, c2018.
Θέματα:
Ετικέτες: Προσθήκη ετικέτας
Δεν υπάρχουν, Καταχωρήστε ετικέτα πρώτοι!

MARC

LEADER 00000cam a2200000 a 4500
001 1/124837
008 220513s2018####gr d ||| |||| ||gre||
020 |a 9789600234367 
040 |a GR-MyUa  |b gre  |c GR-MyUa  |e AACR2 
041 0 |a gre 
082 7 |a 338.9495   |2 (23) 
100 1 |a Δεληθέου, Βασιλική Δ. 
245 1 0 |a Θεσμικό πλαίσιο περιφερειακής ανάπτυξης /   |c Βασιλική Δ. Δεληθέου.  
260 |a Αθήνα :   |b Παπαζήσης,   |c c2018.  
300 |a 596 σ. :   |b πιν. ;   |c 24 εκ.  
504 |a Περιλαμβάνει βιβλιογραφικές παραπομπές.  
650 0 |a Regional planning 
650 0 |a Regional planning  |z Greece. 
852 |a INST  |b LESVOS  |c EUDOXUS  |e 20220513  |h 338.9495 ΔΕΛ  |p 005100063537  |q 005100063537  |t EDX  |y 0 
920 |a Εύδοξος  |b Παραγγελία  |y Λέσβος-ΤΓ  |z 2022-05 
970 |a Καμάτσου  |b Δέσποινα  |z 13-05-2022